Drenaje de carreteras : manual de estructuras típicas /

Guardado en:
Autor Principal: Carciente, Jacob.
Otros Autores: García Bravo, Givette., Serrano Pérez, Zuleima.
Formato: Libro
Idioma:Undetermined
Publicado: Caracas : Vega, 1977.
Materias:
Etiquetas: Agregar Etiqueta
Sin Etiquetas, Sea el primero en etiquetar este registro!
LEADER 00722nam a22001935a 4500
001 EUN.eunm001148
008 061121s1977####xx#######b####001#0#und#d
005 20230818104856.0
245 1 0 |a Drenaje de carreteras :  |b manual de estructuras típicas /  |c Jacob Carciente, Givette García Bravo, Zuleima Serrano Pérez. 
260 |a Caracas :  |b Vega,  |c 1977. 
300 |a [4] h., 231 p. :  |b principalmente planos ;  |c 28 cm. 
504 |a Incluye bibliografía e índice de planos. 
100 1 |a Carciente, Jacob. 
700 1 |a García Bravo, Givette. 
700 1 |a Serrano Pérez, Zuleima. 
082 0 4 |a 625.7  |2 19 
650 7 |a Carreteras.  |2 unbist 
650 7 |a Ingeniería.  |2 unbist 
859 |a AR-BaUNS  |b Dto. Ingenieria  |h 625.7  |i C117-2  |p 117314/006